000 00673nam a2200241Ia 4500
003 OSt
005 20220923230725.0
006 a|||||r|||| 00| 0
007 ta
008 Pun
020 _c3
024 _a305,088
037 _cTextual
040 _aARTS
_cARTS
_bPun
041 _2Pun
_aPun
082 _aV73:1.N5, 153K6
100 _aਜਾਨਸਨ, ਜੇਰਾਲਡ ਡਬਲਯੂ
245 0 _aਅਮਰੀਕਾ ਅੱਗੇ ਵਧਦਾ ਹੈ
260 _c1966
650 _aਭਾਰਤੀਯ ਇਤਿਹਾਸ
942 _hV73:1.N5, 153K6
_cTEXL
_2CC
999 _c386891
_d386891